| 000 | 00799nam a22001937a 4500 | ||
|---|---|---|---|
| 003 | OSt | ||
| 005 | 20210222105343.0 | ||
| 008 | 210222s1987 ||||| |||| 00| 0 geo d | ||
| 040 |
_aeng _beng _cDLC |
||
| 041 | _ageo | ||
| 080 |
_a821.353.1 _bჭ-15 |
||
| 100 |
_91064 _aჭავჭავაძე ილია / Chavchavadze, Ilia |
||
| 245 |
_aწერილები ლიტერატურაზე, პუბლიცისტური წერილები _b: Letters about the Literature, Public Letters _c/ by: ნაკადული / Nakaduli |
||
| 260 |
_aთბილისი / Tbilisi _bნაკადული / Nakaduli _c1987 |
||
| 300 | _a176 p. | ||
| 650 | 0 |
_9942 _aGeorgian Literature |
|
| 653 | _aქართული ლიტერატურა | ||
| 942 |
_2udc _cBK |
||
| 999 |
_c1649 _d1649 |
||